Times illustrated dictionary for children
| Format: | Book |
|---|---|
| Published: |
Singapore :
Federal Publication ,
1990
|
| Subjects: |
MARC
| LEADER | 00000cam a2200000 7i4500 | ||
|---|---|---|---|
| 001 | 0000000202 | ||
| 002 | 000000266 | ||
| 005 | 20000330.0 | ||
| 020 | |a 9810100752 | ||
| 090 | 0 | 0 | |a 423 |b TIM |
| 245 | 0 | 0 | |a Times illustrated dictionary for children |c compiled by Andrea Ender |
| 260 | |a Singapore : |b Federal Publication , |c 1990 | ||
| 300 | |a 148p | ||
| 650 | 0 | 0 | |a Dictionaries |x Juvenile literature |
| 999 | |a 027508 |b BUKU |c JUNIOR REFERENCE |e PERPUSTAKAAN KOMUNITI PETALING JAYA | ||